Účetnictví v počítači. Pět nesourodých poznámek o účetnictví a počítačích.
Voľba zodpovedajúcich nástrojov (správna technická základňa a účtovnícke postupy). Software používa špecifické účtovnícke postupy a tomu je nutné prispôsobiť obeh dokladov v účtovnej jednotke. Analýza existujúceho stavu, zaistenie inštalácie a nasadenie a vyškolenie obsluhy. Jednoduché a podvojné úč...
Salvato in:
| Autore principale: | |
|---|---|
| Natura: | Capitolo di libro |
| Lingua: | ceco |
| Soggetti: | |
| Tags: |
Nessun Tag, puoi essere il primo ad aggiungerne!!
|
MARC
| LEADER | 00000naa a2200000 4500 | ||
|---|---|---|---|
| 001 | r013790 | ||
| 005 | 20221205080448.2 | ||
| 041 | 0 | |a cze | |
| 044 | |a CZ | ||
| 245 | 1 | 0 | |a Účetnictví v počítači. |b Pět nesourodých poznámek o účetnictví a počítačích. |c M. Průša |
| 520 | |a Voľba zodpovedajúcich nástrojov (správna technická základňa a účtovnícke postupy). Software používa špecifické účtovnícke postupy a tomu je nutné prispôsobiť obeh dokladov v účtovnej jednotke. Analýza existujúceho stavu, zaistenie inštalácie a nasadenie a vyškolenie obsluhy. Jednoduché a podvojné účtovníctvo. | ||
| 610 | 2 | 0 | |a softvér |
| 610 | 2 | 0 | |a účtovníctvo |
| 610 | 2 | 0 | |a účtovníctvo jednoduché |
| 610 | 2 | 0 | |a účtovníctvo podvojné |
| 610 | 2 | 0 | |a využitie počítačov |
| 610 | 2 | 0 | |a poradenstvo |
| 610 | 2 | 0 | |a technika výpočtová |
| 100 | 1 | |a Průša, Milan | |